000 005300000a22001810004500
003 MACL
005 20160407115036.0
008 160407b xxu||||| |||| 00| 0 eng d
040 _aMACL
_cMACL
041 _aHindi
082 _a415
100 _aदिवेदी रामरजपाल
_950881
245 _aहिन्‍दी सही लिखिए
260 _bअंकुर प्रकाशन
_c2009
_aनई दिल्‍ली
350 _a300
650 _aGrammer
_950882
942 _cHIN
_k415
_2ddc
999 _c21882
_d21882